Japan's Asian diplomacy a legacy of two millennia
Salvato in:
| Autore principale: | |
|---|---|
| Altri autori: | |
| Natura: | Libro |
| Lingua: | inglese |
| Pubblicazione: |
Tokyo
International House of Japan
2015
|
| Serie: | LTCB international Library Selection
36 |
| Soggetti: | |
| Tags: |
Nessun Tag, puoi essere il primo ad aggiungerne!!
|
MARC
| LEADER | 00000nam a2200000 4500 | ||
|---|---|---|---|
| 001 | 0233930 | ||
| 005 | 20240314085812.9 | ||
| 020 | |a 978-4-924971-39-4 | ||
| 041 | 0 | |a eng | |
| 044 | |a JP | ||
| 245 | 1 | 0 | |a Japan's Asian diplomacy |b a legacy of two millennia |c Ogura Kazuo ; translated by: David Noble |
| 264 | 1 | |a Tokyo |b International House of Japan |c 2015 | |
| 300 | |a 231 s. | ||
| 490 | 1 | |a LTCB international Library Selection |v 36 | |
| 830 | 0 | |a LTCB international Library Selection |v 36 | |
| 610 | 2 | 0 | |a diplomacia |
| 610 | 2 | 0 | |a politika zahraničná |
| 610 | 2 | 0 | |a vzťahy zahraničné |
| 610 | 2 | 0 | |a história |
| 610 | 2 | 0 | |a vojny |
| 610 | 2 | 0 | |a konflikty medzinárodné |
| 610 | 2 | 0 | |a vývoj politický |
| 610 | 2 | 0 | |a kultúra |
| 610 | 2 | 0 | |a kresťanstvo |
| 610 | 2 | 0 | |a krajiny vyspelé |
| 610 | 2 | 0 | |a spolupráca medzinárodná |
| 610 | 2 | 0 | |a Japonsko |
| 610 | 2 | 0 | |a Čína |
| 610 | 2 | 0 | |a Kórea |
| 610 | 2 | 0 | |a Ázia |
| 100 | 1 | |a Kazuo, Ogura | |
| 700 | 1 | |a Noble, David F. | |